| 000 | 00430nam a22001817a 4500 | ||
|---|---|---|---|
| 003 | OSt | ||
| 005 | 20210928112145.0 | ||
| 008 | 210928b |||||||| |||| 00| 0 eng d | ||
| 020 | _a00705557462 | ||
| 040 | _cHAWASSA UNIVERSITY | ||
| 050 |
_a551.5/SCH _b5 |
||
| 082 |
_a551.5/SCH _b5 |
||
| 100 |
_aSCHWOEGLER BRUCE _97590 |
||
| 245 | _aWEATHER AND ENERGY | ||
| 260 |
_bNEW YORK _c1981 |
||
| 300 | _aix/230 | ||
| 942 |
_2ddc _cBOOKS _n0 |
||
| 999 |
_c7134 _d7134 |
||